<?xml version="1.0" encoding="UTF-8"?>
<record
    xmlns:xsi="http://www.w3.org/2001/XMLSchema-instance"
    xsi:schemaLocation="http://www.loc.gov/MARC21/slim http://www.loc.gov/standards/marcxml/schema/MARC21slim.xsd"
    xmlns="http://www.loc.gov/MARC21/slim">

  <leader>00494nam a2200169 a 4500</leader>
  <controlfield tag="001">0138</controlfield>
  <controlfield tag="005">20140414132043.0</controlfield>
  <controlfield tag="008">040803s19uu    xx            00    eng d</controlfield>
  <datafield tag="020" ind1=" " ind2=" ">
    <subfield code="a">0-201-19322-1</subfield>
  </datafield>
  <datafield tag="050" ind1=" " ind2=" ">
    <subfield code="a">BB</subfield>
    <subfield code="b">T32 1989</subfield>
  </datafield>
  <datafield tag="245" ind1=" " ind2=" ">
    <subfield code="a">The Three little pigs, level A /</subfield>
    <subfield code="c">illustrator Diane Teske Harris.</subfield>
  </datafield>
  <datafield tag="260" ind1=" " ind2=" ">
    <subfield code="a">Massachusettes :</subfield>
    <subfield code="b">Addison-Wesley Publishing,</subfield>
    <subfield code="c">1989.</subfield>
  </datafield>
  <datafield tag="300" ind1=" " ind2=" ">
    <subfield code="a">16 p. : ill. ; cm.</subfield>
  </datafield>
  <datafield tag="440" ind1=" " ind2=" ">
    <subfield code="a">Addison-Wesley Series</subfield>
  </datafield>
  <datafield tag="650" ind1=" " ind2=" ">
    <subfield code="a">Children stories.</subfield>
  </datafield>
  <datafield tag="999" ind1=" " ind2=" ">
    <subfield code="c">113900</subfield>
    <subfield code="d">113900</subfield>
  </datafield>
  <datafield tag="952" ind1=" " ind2=" ">
    <subfield code="0">0</subfield>
    <subfield code="1">0</subfield>
    <subfield code="4">0</subfield>
    <subfield code="5">0</subfield>
    <subfield code="a">MU</subfield>
    <subfield code="b">MU</subfield>
    <subfield code="c">BB</subfield>
    <subfield code="d">2004-08-03</subfield>
    <subfield code="e">Donation</subfield>
    <subfield code="l">0</subfield>
    <subfield code="o">BB T32 1989</subfield>
    <subfield code="p">M5559</subfield>
    <subfield code="r">2014-04-14 00:00:00</subfield>
    <subfield code="w">2014-04-14</subfield>
    <subfield code="y">BK</subfield>
  </datafield>
</record>
